000 00321ngm a2200109 454500
008 180718b xxu||||| |||| 00| 0 eng d
082 _aT4x59 In8
245 _aThe South Asia region ICT strategy and implementation plan
_cICT task force
260 _a
_bThe author
_c
500 _aLibrary has 2009 in 2 parts
650 _aFinance
999 _c447308
_d447308